LEADER 01461cam2-2200409---450- 001 990002854510203316 005 20110505145953.0 010 $a88-14-13051-5 035 $a000285451 035 $aUSA01000285451 035 $a(ALEPH)000285451USA01 035 $a000285451 100 $a20070115h2006----km-y0itay50------ba 101 $aita 102 $aIT 105 $a||||||||001yy 200 1 $aEfficienza e garanzie nell'evoluzione dell'organizzazione statale$fMarco Cresti 210 $aMilano$cGiuffre$dcopyr. 2006 215 $aXIII, 251 p.$d24 cm 225 2 $aDipartimento di diritto dell'economia, Università di Siena$v11 410 0$aDipartimento di diritto dell'economia, Università di Siena$v11$1001000351999 606 0 $aAmministrazione pubblica$xOrganizzazione 676 $a338.620945 700 1$aCRESTI,$bMarco$0251909 801 0$aIT$bsalbc$gISBD 912 $a990002854510203316 951 $aXXX.A. Coll. 126/ 14 (X 22 XI 19 bis)$b50987 G.$cXXX.A. Coll. 126/ 14 (X 22 XI)$d00119682 959 $aBK 969 $aGIU 979 $aIANNONE$b90$c20070115$lUSA01$h1105 979 $aIANNONE$b90$c20070115$lUSA01$h1133 979 $aRSIAV4$b90$c20100720$lUSA01$h0922 979 $aFIORELLA$b90$c20110505$lUSA01$h1459 979 $aCHIARA$b90$c20110519$lUSA01$h1000 979 $aCHIARA$b90$c20110519$lUSA01$h1000 996 $aEfficienza e garanzie nell'evoluzione dell'organizzazione statale$9728664 997 $aUNISA LEADER 01003nam a2200265 i 4500 001 991001627149707536 005 20020502193208.0 008 970723s1993 it ||| | ||| 035 $ab10881323-39ule_inst 035 $aLE02373255$9ExL 040 $aDip.to Studi Storici$bita 082 0 $a910.1 100 1 $aCori, Berardo$034349 245 10$aGeografia urbana :$bBerardo Cori, Giacomo Corna Pellegrini... [et. al.] 260 $aTorino :$bUtet Libreria,$c1993 300 $a333 p. :$bill. ;$c24 cm. 650 4$aGeografia urbana 700 1 $aCorna Pellegrini, Giacomo 907 $a.b10881323$b21-09-06$c28-06-02 912 $a991001627149707536 945 $aLE023 910 COR 1 1$g1$i2023000036617$lle023$o-$pE0.00$q-$rl$s- $t0$u4$v1$w4$x0$y.i10988622$z28-06-02 945 $aLE023 910 COR 1 2$g1$i2023000037249$lle023$o-$pE0.00$q-$rl$s- $t0$u0$v0$w0$x0$y.i10988634$z28-06-02 996 $aGeografia urbana$9917312 997 $aUNISALENTO 998 $ale023$b01-01-97$cm$da $e-$feng$git $h0$i2 LEADER 00818nam0-2200289 --450 001 9910744979603321 005 20231031105429.0 100 $a20231023d1997----kmuy0itay5050 ba 101 $aita$aara 102 $aIT 105 $a 001yy 200 1 $a<>avari$fGà?i?$gtraduzione introduzione e note di Valentina Colombo 205 $a1 ed. italiana 210 $aGenova$cMarietti$d1997 215 $a2 v.$d24 cm 300 $aAltro front. e testo in caratteri arabi 676 $a892.7834$v20 700 0$a???i?$01431065 702 1$aColombo,$bValentina 801 0$aIT$bUNINA$gREICAT$2UNIMARC 901 $aBK 912 $a9910744979603321 952 $aDFT G36 GAHI 01 (1)$fFLFBC 952 $aDFT G36 GAHI 01 (2)$fFLFBC 959 $aFLFBC 996 $aAvari$93572059 997 $aUNINA LEADER 03483oam 2201057 c 450 001 9910163156803321 005 20250802090638.0 010 $a3-7445-1011-5 010 $a3-86496-888-7 024 3 $a9783744510110 035 $a(CKB)3710000000721498 035 $a(MiAaPQ)EBC4471177 035 $a(Herbert von Halem Verlag)9783744510110 035 $a(EXLCZ)993710000000721498 100 $a20250802d2016 uy 0 101 0 $ager 135 $aurcnu|||||||| 181 $2rdacontent 182 $2rdamedia 183 $2rdacarrier 200 10$aZwischen Zeitsouvera?nita?t und Zeitpanik $eZum Lebensrhythmus der Solo-Selbststa?ndigen /$fLaura Hanemann 205 $a1st ed. 210 $aKo?ln$cHerbert von Halem Verlag$d2016 215 $a1 online resource (261 pages) 300 $a[1. Auflage] 311 08$a3-86764-638-4 320 $aIncludes bibliographical references. 330 $aAnhand von sechs empirischen Portraits entwirft Laura Hanemann eine Pha?nomenologie der Solo-Selbststa?ndigkeit, die Auskunft u?ber das breite und dynamische Spektrum der Mentalita?ten und Motivationen der Selbststa?ndigkeit gibt. Sie analysiert die Wege und Folgen, die diese Arbeits- und Lebensform berufsbiographisch nach sich zieht. Solo-Selbststa?ndigkeit zeigt sich als ein erwerbsbiographischer Prozess, der auf Vera?nderungen der Arbeitsgesellschaft reagiert, eine permanente Handlungsbereitschaft der Akteure verlangt und einen spezifischen Lebensrhythmus zwischen Aktivierung und La?hmung erzeugt. 606 $aAnerkennung 606 $aArbeit 606 $aArbeitnehmer 606 $aAufstieg 606 $aBescha?ftigung 606 $aEigensinn 606 $aEigenverantwortlichkeit 606 $aErwerbsta?tigkeit 606 $aKollegialita?t 606 $aKrise 606 $aKulturberufe 606 $aMarktambivalenz 606 $aMarktposition 606 $aProfessionalisierung 606 $aSelbststa?ndigkeit 606 $aSelbstwerdung 606 $aSolo-Selbststa?ndigkeit 606 $aTheoretical Sampling 606 $aUnabha?ngigkeit 606 $aWohlfahrtsstaat 606 $aZeitautonomie 606 $aZeitmanagement 606 $aZeitpanik 606 $aZeitsouvera?nita?t 606 $aZukunftsangst 606 $akodieren 606 $aU?berforderung 615 4$aAnerkennung 615 4$aArbeit 615 4$aArbeitnehmer 615 4$aAufstieg 615 4$aBescha?ftigung 615 4$aEigensinn 615 4$aEigenverantwortlichkeit 615 4$aErwerbsta?tigkeit 615 4$aKollegialita?t 615 4$aKrise 615 4$aKulturberufe 615 4$aMarktambivalenz 615 4$aMarktposition 615 4$aProfessionalisierung 615 4$aSelbststa?ndigkeit 615 4$aSelbstwerdung 615 4$aSolo-Selbststa?ndigkeit 615 4$aTheoretical Sampling 615 4$aUnabha?ngigkeit 615 4$aWohlfahrtsstaat 615 4$aZeitautonomie 615 4$aZeitmanagement 615 4$aZeitpanik 615 4$aZeitsouvera?nita?t 615 4$aZukunftsangst 615 4$akodieren 615 4$aU?berforderung 676 $a658.041 700 $aHanemann$b Laura$4aut$01248360 801 0$bMiAaPQ 801 1$bMiAaPQ 801 2$bMiAaPQ 906 $aBOOK 912 $a9910163156803321 996 $aZwischen Zeitsouvera?nita?t und Zeitpanik$92893377 997 $aUNINA